| 000 | 00921nam a2200253Ia 4500 | ||
|---|---|---|---|
| 003 | OSt | ||
| 005 | 20220923224245.0 | ||
| 006 | a|||||r|||| 00| 0 | ||
| 007 | ta | ||
| 008 | 220922b |||||||| |||| 00| 0 hin d | ||
| 024 | _a230,103 | ||
| 037 | _cTextual | ||
| 040 |
_aARTS _cARTS _bhin |
||
| 041 |
_2hin _ahin |
||
| 082 | _aO152,1(Delta:25):g, P5 | ||
| 100 | _aमिश्र, हरिचन्द्र | ||
| 245 | 0 | _aभक्तिकालीन कृष्ण - काव्य और मानव - मूल्य | |
| 246 | _aBhaktikālīn kṛuṣhṇa - kāvya aur mānav - mūlya | ||
| 260 |
_aनई दिल्ली _b स्वराज प्रकाशन _c2005 |
||
| 300 |
_a108पृ. _ccm. |
||
| 650 | _aहिन्दी कविता | ||
| 942 |
_hO152,1(Delta:25):g, P5 _cTEXL _2CC |
||
| 999 |
_c370247 _d370247 |
||